000 00632cam a2200181 a 4500
020 _a0387107886
050 0 0 _aQD461
_b.S92
245 0 0 _aFerrites, transition elements, luminescene [i.e. luminescence] /
_cwith contributions by I.K. Fidelis ... [et al.].
260 _aBerlin [Germany] ;
_aNew York [USA] :
_bSpringer-Verlag,
_cc1981.
300 _a126 p. :
500 _aincludes bibliographic references and index
650 _bTransition metals ;
_bFerrites (Magnetic materials) ;
_bFluorimetry
700 1 _aFidelis, I. K.
700 1 2 _aGrenier, J. C.
700 1 2 _aFidelis, I. K.
700 1 2 _aGolovina, A. P.
942 _cGEN
999 _c2545
_d2545